Famous Williams Quiz Stats

 Plays Quiz Updated Jul 12, 2016

Also try: Famous Charlies
Challenge
Share
Tweet
Embed
Score 0/27 Timer 07:00
3 Plays Today
Hint Answer % Correct
This English playwright is buried at the Holy Trinity Church in Stratford-upon-AvonWilliam Shakespeare
89.4%
Played James T. Kirk, TJ Hooker, and Denny CraneWilliam Shatner
85.5%
Roald Dahl's fictional candy maker and friend to Oompa LoompasWilly Wonka
85%
This star of 'Bad Boys' and 'Ali' has parents that just don't understandWill Smith
84.8%
SNL alum and star of 'Old School', 'Elf', and 'Anchorman'Will Ferrell
77.9%
The grandson of Queen Elizabeth II Prince William, Duke of Cambridge
61.8%
25th President of the United States, he is the only Presidential William to be assassinatedWilliam McKinley
61%
Scottish national hero, he was portrayed by Mel Gibson in the movie 'Braveheart'William Wallace
59.2%
This Swiss folk hero is said to have been forced to shoot an apple off his son's head William Tell
57.8%
Nicknamed The Say Hey Kid many consider him one of the great MLB players of all timeWillie Mays
57.4%
This country music singer/songwriter once owed the IRS $16.7 million in back taxesWillie Nelson
52.5%
He was crowned King of England on Christmas Day 1066William the Conqueror
45.2%
This tycoon once owned the largest newspaper chain in the U.S. William Randolph Hearst
35.2%
The protagonist from 'Death of a Salesman'Willy Loman
35%
Hint Answer % Correct
Author of 'The Sound and the Fury'William Faulkner
33.4%
Cowboy/comedian who 'never met a man he didn't like'Will Rogers
29.4%
This man preceded John Roberts as Chief Justice of the US Supreme CourtWilliam Rehnquist
27.3%
This actor has received Oscar nominations for his roles in 'Broadcast News' and 'A History of Violence'William Hurt
25.8%
Portrayed Wesley Crusher on 'Star Trek: The Next Generation'Wil Wheaton
23.1%
Canadian actor best known for his role as George Oscar 'G.O.B.' Bluth II on 'Arrested Development'Will Arnett
22.2%
Played David Morgenstern, The Shoveler, and Jerry LundegaardWilliam H. Macy
20.8%
New York Times and NPR puzzlemaster with a little nameWill Shortz
18.7%
The 1789 mutiny on the Bounty was led against this manWilliam Bligh
17.1%
England's Poet Laureate from 1843 until his death in 1850William Wordsworth
14.5%
Founder of the political magazine National ReviewWilliam F. Buckley, Jr.
13.6%
Four time Prime Minister of the United KingdomWilliam Ewart Gladstone
7.9%
The first actor to play the lead role of the Doctor in the series 'Doctor Who'William Hartnell
6.8%

You're not logged in!

Compare scores with friends on all Sporcle quizzes.
OR
Log In

You Might Also Like...

Show Comments

Extras

Top Quizzes Today


Score Distribution

Your Account Isn't Verified!

In order to create a playlist on Sporcle, you need to verify the email address you used during registration. Go to your Sporcle Settings to finish the process.

Report this User

Report this user for behavior that violates our Community Guidelines.

Details: